00926nam a2200205 i 4500001000700000003000900007005001700016007000300033008004100036080004300077100007500120245011900195260003900314300002200353600010900375700002900484852006600513999001900579952012200598130732ES-MaACL20250826014846.0t|070807s1934 fr |||| |bfre d a929 María Cristina de Habsburgo(460)1 aRomanones, Álvaro de Figueroa y Torres,cConde de,d1863-195099926413aLa reine Marie-Christine b: régente d'Espagne / cComte de Romanones ; traduction et preface d'André Mévil. aParis : bLibrairie Plon, c[1934] a207 p. ; c19 cm.04aMaría Cristina de Habsburgo-Lorena,cReina consorte de Alfonso XII, Rey de España,d1858-19299766591 aMévil, André.980767 aES-MaACLjE-11913 z. - Biblioteca Jacinto Martínez Lacalle c130732d130732 00104070aATENEOMbATENEOMcDEPO2d2008-01-17eSCl0oE-11913p1136114r2023-02-23 00:00:00w2023-02-23yMONOGRAFIA